Statistics for Italian soccer players scoring during the UEFA Euro

Click here to take the quiz!

General Stats

  • This quiz has been taken 102 times
    (85 since last reset)
  • The average score is 19 of 36

Answer Stats

GoalsYear(s)Player% Correct
32012Mario Balotelli
92%
22021Ciro Immobile
91%
12000Alessandro Del Piero
88%
22000Francesco Totti
88%
11992Enrico Chiesa
86%
22021Federico Chiesa
86%
22016, 2021Leonardo Bonucci
86%
12008Daniele De Rossi
84%
22021Lorenzo Insigne
81%
22008, 2012Andrea Pirlo
77%
12016Giorgio Chiellini
75%
22000Filippo Inzaghi
73%
22021Manuel Locatelli
73%
22016Graziano Pellè
72%
32004, 2012Antonio Cassano
66%
12012Antonio Di Natale
63%
12021Nicolò Barella
61%
22021Matteo Pessina
53%
12016Éder
50%
12016Emanuele Giaccherini
47%
11968Luigi Riva
41%
12000Marco Delvecchio
39%
12000Luigi Di Biagio
36%
11988Roberto Mancini
36%
11988Gianluca Vialli
34%
12000Antonio Conte
31%
11980Marco Tardelli
31%
12004Simone Perrotta
31%
11988Alessandro Altobelli
23%
12000Stefano Fiore
22%
11980Francesco Graziani
16%
12008Christian Panucci
14%
21992Pierluigi Casiraghi
14%
11968Angelo Domenghini
13%
11968Pietro Anastasi
9%
11988Luigi De Agostini
3%

Score Distribution

Percentile by Number Answered

Percent of People with Each Score

Your Score History

You have not taken this quiz since the last reset